Central Library OPAC University of Rajshahi

Symbiosis / (Record no. 57551)

MARC details
000 -LEADER
fixed length control field 00673nam a22002411a 4500
001 - CONTROL NUMBER
control field 57551
003 - CONTROL NUMBER IDENTIFIER
rucl marc code BD-RjUL
005 - DATE AND TIME OF LATEST TRANSACTION
control field 20211209080526.0
008 - FIXED-LENGTH DATA ELEMENTS--GENERAL INFORMATION
fixed length control field 161210s1985 nyu b 100 0 eng d
035 ## - SYSTEM CONTROL NUMBER
System control number (BD-RjUL)57675
040 ## - CATALOGING SOURCE
Original cataloging agency DLC
Transcribing agency DLC
Modifying agency EQO
Language of cataloging eng
041 0# - LANGUAGE CODE
Language code of text/sound track or separate title engtha
082 ## - DEWEY DECIMAL CLASSIFICATION NUMBER
Classification number 577.85
Edition number 23
Author mark and year SYM 1966
245 01 - TITLE STATEMENT
Title Symbiosis /
Statement of responsibility, etc. S Mark Henry
260 ## - PUBLICATION, DISTRIBUTION, ETC. (IMPRINT)
Place of publication, distribution, etc. New York :
Name of publisher, distributor, etc. Academic Press,
Date of publication, distribution, etc. 1966
300 ## - PHYSICAL DESCRIPTION
Pagination v. :
Illustrations ill. ;
Size 27 cm.
500 ## - GENERAL NOTE
General note English and Thai.
504 ## - BIBLIOGRAPHY, ETC. NOTE
Bibliography, etc Bibliography: p. 130-153
505 ## - FORMATTED CONTENTS NOTE
Formatted contents note V. 1. Associations of microorganisms, plants and marine organisms
650 ## - SUBJECT ADDED ENTRY--TOPICAL TERM
Topical term or geographic name as entry element Symbiosis.
9 (RLIN) 170901
942 ## - ADDED ENTRY ELEMENTS (KOHA)
Source of classification or shelving scheme Dewey Decimal Classification
Koha item type Books
Holdings
Lost status Source of classification or shelving scheme Damaged status Not for loan Collection code Permanent Location Current Location Shelving location Date acquired Source of acquisition Total Checkouts Full call number Date last seen Copy number Koha item type
  Dewey Decimal Classification     Non-fiction Central Library, University of Rajshahi Central Library, University of Rajshahi   13/06/1967 Asia foundation   577.85 SYM V-1 1966 10/12/2016 C-2 Books